Novos contos das mil e uma noites (Registo nº 1780)

Detalhes MARC
000 -Etiqueta do registo
Cabeçalho 00887nam a22003131 4500
005 - Identificador da versão
Campo de controlo 20240813121916.0
095 ## -
-- PTBN00595620
010 ## - Número internacional normalizado dos livros (ISBN)
Número (ISBN) 972411418X
021 ## - Número do Depósito Legal
Código do país PT
Número 72054/93
100 ## - Dados gerais de processamento
Dados gerais de processamento 20070508d1994 cday0pory5003 ba
102 ## - Pais de publicação ou produção
País de publicação Portugal
101 0# - Língua de publicação
Língua do texto, banda sonora, etc. Português
106 ## - Campo de dados codificados: material textual
Dados codificados do material textual r
105 ## - Campo de dados codificados: livros
Dados codificados dos livros a t 000ay
215 ## - Descrição física 
Indicação específica da natureza do documento e extensão da espécie 48 p.
Outras indicações físicas todo il.
Dimensões 30 cm
200 1# - Titulo e menção de responsabilidade
Título próprio Novos contos das mil e uma noites
Primeira menção de responsabilidade adapt. Jorge Magalhães
Outras menções de responsabilidade des. Catherine Labey
225 2# - Colecção 
Título próprio da colecção Histórias maravilhosas em BD
205 ## - Menção da edição
Menção da edição 1ª ed.
210 ## - Publicação, Distribuição, etc. 
Lugar da edição, distribuição, etc. Porto
Nome do editor, distribuidor, etc. Asa
Data da publicação, distribuição, etc. 1994
606 ## - Nome comum usado como assunto
Número de registo de entrada de autoridade 0000223
Palavra de ordem Literatura portuguesa infanto-juvenil
Subdivisão de assunto Banda desenhada
675 ## - Classificação Decimal Universal (CDU)
Notação 821.134.3-9
Edição
Língua da edição por
701 #1 - Nome de autor-pessoa física (co-responsabilidade principal)
Palavra de ordem Labey
Outra parte do nome não tomada para palavra de ordem Catherine
Código de função Ilustrador / Técnico de desenho computorizado
700 #1 - Nome de autor-pessoa física (responsabilidade principal)
Número de registo de entrada de autoridade 0000257
Palavra de ordem Magalhães
Outra parte do nome não tomada para palavra de ordem Jorge
942 ## - Elementos de entrada adicionados (Koha)
Tipo de item no Koha Livro
Exemplares
Situação do levantamento Origin of item (home branch) (coded) Biblioteca de empréstimo Código de barras Cota Circulation type (not for loan) Tipo de documento Nota do exemplar Damaged status
  Biblioteca Escolar da Coca Maravilhas Biblioteca Escolar da Coca Maravilhas BECM3925/98 8BD MAG   Livro Sem mensagem